20 Cidades brasileiras com menor IDH - Statistics

Estatísticas Gerais
  • Esse quiz foi jogado 6 vezes
  • A pontuação média é 5 de 20
Estatísticas das Respostas
IDH Estado Municípios % Correto
0,69 GO Águas Lindas de Goiás
40%
0,65 AL Arapiraca
40%
0,68 RJ Belford Roxo
40%
0,68 PE Caruaru
40%
0,67 PA Castanhal
40%
0,68 CE Caucaia
40%
0,68 BA Juazeiro
40%
0,42 PA Melgaço
40%
0,68 BA Vitória da Conquista
40%
0,44 MA Fernando Falcão
20%
0,48 AL Inhapi
20%
0,67 PA Marabá
20%
0,45 MA Marajá do Sena
20%
0,68 MG Ribeirão das Neves
20%
0,45 RR Uiramutã
20%
0,45 AM Atalaia do Norte
0%
0,47 PA Bagre
0%
0,47 PA Cachoeira do Piriá
0%
0,45 PA Chaves
0%
0,47 AC Jordão
0%
Nenhum quiz correspondente encontrado
Distribuição das Pontuações
Porcentagem de Pessoas com Cada Pontuação
Percentil de Números Respondidos
Sua Pontuação Histórica
Você não jogou esse quiz